[Event "4NCL Online Division 4"]
[Site "online"]
[Date "2021.04.06"]
[EventDate "2021.04.06"]
[Round "6.92"]
[White "Johnson, Derek R"]
[WhiteElo "2020"]
[WhiteTeam "Crowthorne 1"]
[Black "Carr, Matthew"]
[BlackElo "1688"]
[BlackTeam "Rugeley Rangers"]
[Result "1/2-1/2"]
[PlyCount "83"]

1. e4 e6 2. d4 d5 3. Nc3 Bb4 4. exd5 exd5 5. Bd3 Nf6 6. Ne2 O-O 7. O-O Be6 8. Bg5 Nbd7 9. Ng3 c6 10. Nce2 Bd6 11. f4 Bg4 12. h3 Bxe2 13. Qxe2 Re8 14. Qf3 Qb6 15. c3 c5 16. dxc5 Bxc5+ 17. Kh2 Re3 18. Qd1 Rae8 19. Nf5 R3e6 20. b4 Be3 21. Qf3 Qc7 22. Bb5 Qxc3 23. Bxf6 Nxf6 24. Bxe8 Rxe8 25. Rab1 Bd2 26. Qxc3 Bxc3 27. Nd6 Re7 28. Rbc1 d4 29. Rfd1 h6 30. Nb5 Bxb4 31. Rxd4 Ba5 32. Rc2 Bb6 33. Rdc4 Re1 34. g4 Nd5 35. Rc8+ Kh7 36. Nd6 Nxf4 37. Nxf7 Bg1+ 38. Kg3 Ne2+ 39. Kg2 Nf4+ 40. Kg3 Ne2+ 41. Kg2 Nf4+ 42. Kg3 1/2-1/2

[Event "4NCL Online Division 4"]
[Site "online"]
[Date "2021.04.06"]
[EventDate "2021.04.06"]
[Round "6.93"]
[White "Sullivan, Luke"]
[WhiteElo "1571"]
[WhiteTeam "Rugeley Rangers"]
[Black "Taylor, Mark V"]
[BlackElo "1841"]
[BlackTeam "Crowthorne 1"]
[Result "1-0"]
[PlyCount "69"]

1. Nf3 b6 2. d4 Bb7 3. c4 Nf6 4. Nc3 g6 5. Bf4 Bg7 6. e3 O-O 7. Bd3 d6 8. h3 Nbd7 9. Qc2 c5 10. d5 a6 11. O-O b5 12. cxb5 axb5 13. Bxb5 Nxd5 14. Nxd5 Bxd5 15. a4 Nf6 16. Nd2 Qc7 17. e4 Bc6 18. Bxc6 Qxc6 19. e5 Nd7 20. exd6 exd6 21. Ne4 Rfb8 22. Nc3 Rb4 23. Be3 d5 24. Bd2 Rab8 25. Rab1 Nb6 26. b3 Nd7 27. Nb5 Rh4 28. Bg5 Rh5 29. h4 Ne5 30. Qd1 d4 31. f4 h6 32. g4 hxg5 33. gxh5 g4 34. fxe5 Bxe5 35. Qxg4 1-0

[Event "4NCL Online Division 4"]
[Site "online"]
[Date "2021.04.06"]
[EventDate "2021.04.06"]
[Round "6.94"]
[White "Green, George D A"]
[WhiteElo "1797"]
[WhiteTeam "Crowthorne 1"]
[Black "Wood, Ryan"]
[BlackElo "1428"]
[BlackTeam "Rugeley Rangers"]
[Result "1/2-1/2"]
[PlyCount "94"]

1. c4 e5 2. Nc3 Nf6 3. Nf3 Nc6 4. g3 Bc5 5. Bg2 d6 6. d3 O-O 7. O-O Re8 8. a3 Nd4 9. b4 Nxf3+ 10. Bxf3 Bd4 11. Bb2 c6 12. e3 Bxc3 13. Bxc3 d5 14. Bg2 dxc4 15. dxc4 Be6 16. Qe2 Qc7 17. Rfd1 Rad8 18. Bb2 Re7 19. Rxd8+ Qxd8 20. Rd1 Rd7 21. Rxd7 Nxd7 22. Qd3 f6 23. Qd6 Kf7 24. c5 Qe7 25. Qd3 g6 26. h4 f5 27. Qc3 Qf6 28. Qd2 Qe7 29. e4 Qf6 30. f4 fxe4 31. Bxe4 Bf5 32. fxe5 Nxe5 33. Bxf5 Qxf5 34. Bxe5 Qxe5 35. Qd7+ Qe7 36. Qxe7+ Kxe7 37. Kf2 Kf6 38. Kf3 Kf5 39. g4+ Ke5 40. Ke3 h6 41. a4 a6 42. a5 Kd5 43. Kd3 h5 44. g5 Ke5 45. Ke3 Kf5 46. Kf3 Ke5 47. Ke3 Kf5 1/2-1/2

[Event "4NCL Online Division 4"]
[Site "online"]
[Date "2021.04.06"]
[EventDate "2021.04.06"]
[Round "6.101"]
[White "Lacoult, Maxime"]
[WhiteElo "1600"]
[WhiteTeam "Warwickshire Bears B"]
[Black "Douse, Terry"]
[BlackElo "1467"]
[BlackTeam "St Albans 2"]
[Result "1-0"]
[PlyCount "41"]

1. b3 e5 2. Bb2 d6 3. e3 Nf6 4. Bb5+ Bd7 5. Bxd7+ Nbxd7 6. Ne2 Be7 7. f4 c6 8. O-O O-O 9. fxe5 dxe5 10. d3 Qc7 11. Nd2 Rad8 12. Ng3 Bc5 13. Qe2 Nd5 14. Rf3 N7f6 15. c4 Nf4 16. Rxf4 exf4 17. Bxf6 Rde8 18. Nf5 fxe3 19. Ne4 Re6 20. Qg4 g6 21. Nh6# 1-0

[Event "4NCL Online Division 4"]
[Site "online"]
[Date "2021.04.06"]
[EventDate "2021.04.06"]
[Round "6.102"]
[White "Wicks, Ben"]
[WhiteElo "1450"]
[WhiteTeam "St Albans 2"]
[Black "Wong, Tristan"]
[BlackElo "1586"]
[BlackTeam "Warwickshire Bears B"]
[Result "0-1"]
[PlyCount "48"]

1. e4 Nc6 2. Nf3 d6 3. d4 Nf6 4. Nc3 g6 5. h3 Bg7 6. Be3 O-O 7. Qd2 e5 8. dxe5 dxe5 9. O-O-O Qxd2+ 10. Bxd2 Be6 11. Ng5 Bd7 12. Bc4 Nd4 13. f4 Nh5 14. fxe5 Bxe5 15. Be3 c5 16. Rhf1 Nf6 17. Bxd4 Bxd4 18. e5 Be3+ 19. Kb1 Bxg5 20. Rxf6 Bxf6 21. Rxd7 Bxe5 22. Ne4 Rad8 23. Bxf7+ Kg7 24. Ng5 Rxd7 0-1

[Event "4NCL Online Division 4"]
[Site "online"]
[Date "2021.04.06"]
[EventDate "2021.04.06"]
[Round "6.103"]
[White "Vaidyanathan, Adithya"]
[WhiteElo "1453"]
[WhiteTeam "Warwickshire Bears B"]
[Black "Feldman, Keith"]
[BlackElo "1351"]
[BlackTeam "St Albans 2"]
[Result "1-0"]
[PlyCount "83"]

1. Nf3 d5 2. d4 c5 3. c3 e6 4. Bf4 Bd6 5. Bxd6 Qxd6 6. e3 Bd7 7. Nbd2 Nc6 8. Nb3 c4 9. Nbd2 b5 10. b4 Nf6 11. Be2 a5 12. a3 O-O 13. O-O a4 14. Qc2 Rfe8 15. Rfe1 e5 16. dxe5 Nxe5 17. Nd4 Bg4 18. h3 Bd7 19. N2f3 Nxf3+ 20. Bxf3 Ne4 21. Rad1 Re5 22. Nxb5 Qg6 23. Nc7 Rd8 24. Nxd5 Rde8 25. Nc7 R8e7 26. Nd5 Re8 27. Nf4 Qc6 28. Rd4 Bf5 29. Red1 Qf6 30. Qb2 Ng5 31. Be2 h6 32. Rd6 Nxh3+ 33. gxh3 Qg5+ 34. Kh2 Qh4 35. Bxc4 g5 36. Ng2 Qxh3+ 37. Kg1 Be4 38. Bf1 Qg4 39. f3 Bxf3 40. R1d4 Re4 41. Rxh6 Rxe3 42. Rxg4 1-0

[Event "4NCL Online Division 4"]
[Site "online"]
[Date "2021.04.06"]
[EventDate "2021.04.06"]
[Round "6.104"]
[White "Harris, Stuart"]
[WhiteElo "1240"]
[WhiteTeam "St Albans 2"]
[Black "Miller, Kai"]
[BlackElo "1416"]
[BlackTeam "Warwickshire Bears B"]
[Result "1-0"]
[PlyCount "87"]

1. d4 Nf6 2. Nf3 d6 3. e3 g6 4. Bd3 Bg7 5. O-O O-O 6. b3 Nbd7 7. Bb2 Qe8 8. Nbd2 e5 9. dxe5 dxe5 10. e4 Nc5 11. Ba3 Nfd7 12. b4 Nxd3 13. cxd3 Qe6 14. b5 Rd8 15. Qc2 Qb6 16. Rab1 Nf6 17. Nxe5 Nxe4 18. Nec4 Qd4 19. Nxe4 Bf5 20. Rbd1 Bg4 21. Rd2 Bh6 22. Bc5 Qg7 23. Be3 f5 24. Ng5 Qe7 25. h4 Rf8 26. Qb3 Kg7 27. Bd4+ Rf6 28. Bxf6+ Qxf6 29. f4 Qd4+ 30. Kh2 Bxg5 31. hxg5 Rh8 32. Ne5 Rf8 33. Nxg4 fxg4 34. Rdf2 Qe3 35. g3 h5 36. Qc3+ Kg8 37. Qe5 Qxd3 38. Qe6+ Kg7 39. f5 h4 40. Qxg6+ Kh8 41. Qh6+ Kg8 42. Qxh4 Rf7 43. g6 Rg7 44. Qxg4 1-0

[Event "4NCL Online Division 4"]
[Site "online"]
[Date "2021.04.06"]
[EventDate "2021.04.06"]
[Round "6.111"]
[White "Green, Tom D A"]
[WhiteElo "1868"]
[WhiteTeam "Manchester Manticores 2"]
[Black "Rizvi, Nasir"]
[BlackElo "2021"]
[BlackTeam "4 Gems"]
[Result "1/2-1/2"]
[PlyCount "81"]

1. e4 c5 2. Nc3 Nc6 3. f4 g6 4. Nf3 Bg7 5. Bc4 e6 6. O-O Nge7 7. d3 O-O 8. Bb3 d5 9. e5 a6 10. a4 Rb8 11. Ne2 b5 12. axb5 axb5 13. c3 c4 14. dxc4 bxc4 15. Bc2 Qb6+ 16. Kh1 Bd7 17. Ned4 Ra8 18. Rxa8 Rxa8 19. g4 Nxd4 20. Nxd4 Nc6 21. b3 Ra1 22. bxc4 dxc4 23. Be4 Bf8 24. Nc2 Ra7 25. Be3 Bc5 26. Bxc5 Qxc5 27. Qf3 Na5 28. Nd4 Nb3 29. f5 Qxe5 30. fxg6 f5 31. gxf5 Nd2 32. gxh7+ Kh8 33. Qg2 Qxe4 34. Qxe4 Nxe4 35. fxe6 Bxe6 36. Nxe6 Kxh7 37. Rf4 Nxc3 38. Rxc4 Nd5 39. Rc1 Kg6 40. Nd4 Ra4 41. Ne2 1/2-1/2

[Event "4NCL Online Division 4"]
[Site "online"]
[Date "2021.04.06"]
[EventDate "2021.04.06"]
[Round "6.112"]
[White "Whelan, Joseph"]
[WhiteElo "1515"]
[WhiteTeam "4 Gems"]
[Black "Sheppard, Daniel C"]
[BlackElo "1869"]
[BlackTeam "Manchester Manticores 2"]
[Result "0-1"]
[PlyCount "140"]

1. e4 c5 2. Nf3 d6 3. Bc4 Nf6 4. c3 Nc6 5. O-O Nxe4 6. Bd5 Nf6 7. Bxc6+ bxc6 8. d4 cxd4 9. Nxd4 Qc7 10. Be3 Rb8 11. b4 Nd5 12. a4 e5 13. Nb5 cxb5 14. Qxd5 Be6 15. Qd2 a6 16. axb5 axb5 17. Ra7 Qc6 18. f3 d5 19. Re1 Bd6 20. Na3 O-O 21. Ra1 Rfc8 22. Nc2 Qxc3 23. Qxc3 Rxc3 24. R7a2 Rbc8 25. Bc5 Bxc5+ 26. bxc5 R3xc5 27. Nb4 g6 28. Nd3 d4 29. Ra8 Rxa8 30. Rxa8+ Rc8 31. Ra5 f6 32. Rxb5 Bc4 33. Rc5 Rxc5 34. Nxc5 Kf7 35. Kf2 Ke7 36. Ke1 Kd6 37. Ne4+ Ke6 38. Nc5+ Kd5 39. Nd7 Ke6 40. Nc5+ Ke7 41. Kd2 f5 42. g3 Bd5 43. Nd3 Kd6 44. f4 e4 45. Ne5 Be6 46. h3 g5 47. h4 gxf4 48. gxf4 Kc5 49. h5 Bc4 50. Nd7+ Kd6 51. Nf6 e3+ 52. Ke1 d3 53. Nxh7 d2+ 54. Kd1 Bb3+ 55. Ke2 d1=Q+ 56. Kxe3 Qxh5 57. Ng5 Bc4 58. Nf3 Qe8+ 59. Ne5 Qxe5+ 60. fxe5+ Kxe5 61. Kf3 f4 62. Kf2 Ke4 63. Ke1 Kf3 64. Kd2 Kg2 65. Kc3 Ba6 66. Kd4 f3 67. Ke4 f2 68. Kf4 f1=Q+ 69. Kg4 Qf6 70. Kh5 Be2# 0-1

[Event "4NCL Online Division 4"]
[Site "online"]
[Date "2021.04.06"]
[EventDate "2021.04.06"]
[Round "6.113"]
[White "Potter, Steven"]
[WhiteElo "1833"]
[WhiteTeam "Manchester Manticores 2"]
[Black "Gogia, Abeer"]
[BlackElo "1413"]
[BlackTeam "4 Gems"]
[Result "1-0"]
[PlyCount "59"]

1. d4 d5 2. Bg5 Nc6 3. e3 Nf6 4. Bxf6 gxf6 5. Nf3 e5 6. Bb5 e4 7. Nh4 f5 8. g3 Be7 9. Ng2 Qd6 10. Nc3 a6 11. Ba4 Be6 12. Nf4 h5 13. Qd2 h4 14. O-O-O O-O-O 15. Bb3 hxg3 16. hxg3 Rxh1 17. Rxh1 Bg5 18. Ncxd5 Bxd5 19. Nxd5 Kb8 20. Nf4 Ne5 21. Qe2 Nf3 22. Bxf7 Bxf4 23. gxf4 Qe7 24. Qc4 Rf8 25. Rh7 Qd6 26. Qc5 Qxc5 27. dxc5 Rd8 28. Bh5 Ng1 29. Bd1 c6 30. b4 1-0

[Event "4NCL Online Division 4"]
[Site "online"]
[Date "2021.04.06"]
[EventDate "2021.04.06"]
[Round "6.114"]
[White "Rizvi, Zara"]
[WhiteElo "1307"]
[WhiteTeam "4 Gems"]
[Black "Whitehead, Mark A"]
[BlackElo "1798"]
[BlackTeam "Manchester Manticores 2"]
[Result "0-1"]
[PlyCount "142"]

1. d4 Nf6 2. c4 e6 3. Nc3 Bb4 4. a3 Bxc3+ 5. bxc3 Nc6 6. e3 b6 7. Bd3 O-O 8. f3 Ba6 9. Ne2 Na5 10. Qa4 d5 11. O-O Bxc4 12. Bxc4 Nxc4 13. e4 h6 14. e5 Nd7 15. Bf4 c5 16. Rab1 a6 17. Qb3 b5 18. a4 Rb8 19. axb5 axb5 20. Qc2 Na3 21. Qa2 Nxb1 22. Rxb1 Qc7 23. Rb2 b4 24. cxb4 cxb4 25. Qa4 Qb7 26. Bd2 Qb5 27. Qxb5 Rxb5 28. Rxb4 Rxb4 29. Bxb4 Rb8 30. Bc3 Nb6 31. Kf2 Na4 32. Bd2 Rb2 33. Ke3 Nb6 34. Bc3 Nc4+ 35. Kd3 Ra2 36. g4 Kf8 37. h4 Ke8 38. Nc1 Rf2 39. g5 Rxf3+ 40. Kc2 hxg5 41. hxg5 Rg3 42. Bd2 Nxd2 43. Kxd2 Rxg5 44. Ne2 f6 45. exf6 gxf6 46. Nf4 Ke7 47. Nh3 Rg4 48. Nf2 Rg2 49. Ke3 Rxf2 50. Kxf2 e5 51. Kf3 Ke6 52. Ke3 Kf5 53. Kd3 Kf4 54. Kc3 Ke4 55. dxe5 fxe5 56. Kd2 d4 57. Kd1 d3 58. Ke1 Kd4 59. Kd1 e4 60. Ke1 e3 61. Kd1 Kc3 62. Ke1 Kc2 63. Kf1 d2 64. Ke2 d1=Q+ 65. Kxe3 Qd5 66. Ke2 Qd4 67. Ke1 Qd2+ 68. Kf1 Kd3 69. Kg1 Ke3 70. Kh1 Kf3 71. Kg1 Qg2# 0-1

[Event "4NCL Online Division 4"]
[Site "online"]
[Date "2021.04.06"]
[EventDate "2021.04.06"]
[Round "6.122"]
[White "Seet, Joshua"]
[WhiteElo "1246"]
[WhiteTeam "Woking Warriors"]
[Black "Barr, Joseph"]
[BlackElo "1495"]
[BlackTeam "Harrow 3"]
[Result "0-1"]
[PlyCount "58"]

1. d4 Nf6 2. c4 g6 3. Nc3 Bg7 4. e4 d6 5. f3 O-O 6. Be3 e5 7. d5 Nh5 8. Qd2 f5 9. Nge2 f4 10. Bf2 Bf6 11. Nc1 Bh4 12. Bd3 Qg5 13. Bxh4 Qxh4+ 14. Qf2 Ng3 15. N1e2 g5 16. Nxg3 fxg3 17. Qxg3 Qh6 18. h4 g4 19. Nb5 Na6 20. O-O Qe3+ 21. Kh2 Qxd3 22. fxg4 Rxf1 23. Rxf1 Qxf1 24. Qh3 Qf4+ 25. Kh1 Qxg4 26. Qe3 Bd7 27. Nxa7 Rf8 28. Qg1 Qxh4+ 29. Qh2 Rf1# 0-1

[Event "4NCL Online Division 4"]
[Site "online"]
[Date "2021.04.06"]
[EventDate "2021.04.06"]
[Round "6.123"]
[White "Dilukshan, Manoharan"]
[WhiteElo "1407"]
[WhiteTeam "Harrow 3"]
[Black "Wicks, Alexander"]
[BlackElo "1258"]
[BlackTeam "Woking Warriors"]
[Result "1-0"]
[PlyCount "123"]

1. e4 d5 2. e5 Nc6 3. Nf3 Bg4 4. d4 Bxf3 5. gxf3 e6 6. Bb5 Qd7 7. Bf4 Bb4+ 8. Nc3 a6 9. Bxc6 Qxc6 10. Qd3 Ne7 11. O-O-O O-O 12. Bd2 b5 13. Rhg1 Ng6 14. Rg4 Qb6 15. Rdg1 c5 16. Ne2 Bxd2+ 17. Qxd2 cxd4 18. Qxd4 Qa5 19. Nf4 Qxa2 20. Nxg6 fxg6 21. Qb6 Rfe8 22. h4 Rab8 23. Qd4 Rbc8 24. h5 Rc4 25. Qd3 Qa1+ 26. Kd2 Qa5+ 27. c3 Rxg4 28. hxg6 Rxg6 29. Rxg6 hxg6 30. Qxg6 Rf8 31. Qxe6+ Kh7 32. Qh3+ Kg6 33. Qg4+ Kf7 34. Qd7+ Kg6 35. Qg4+ Kh6 36. Qe6+ Kg5 37. Qe7+ Rf6 38. exf6 gxf6 39. Qg7+ Kf5 40. Qg4+ Ke5 41. Qd4+ Ke6 42. f4 Qa2 43. Qe3+ Kf5 44. Kc2 Qa4+ 45. Kd2 Qxf4 46. Qxf4+ Kxf4 47. Kd3 Ke5 48. b4 f5 49. Ke3 f4+ 50. Kd3 Kf5 51. Kd4 Ke6 52. Kc5 Ke5 53. f3 Ke6 54. Kb6 Kd6 55. Kxa6 Kc6 56. Ka5 Kd6 57. Kxb5 Ke5 58. Kc5 Ke6 59. Kc6 Ke5 60. b5 Ke6 61. b6 Ke7 62. b7 1-0

[Event "4NCL Online Division 4"]
[Site "online"]
[Date "2021.04.06"]
[EventDate "2021.04.06"]
[Round "6.124"]
[White "Seet, Leanne"]
[WhiteElo "1050"]
[WhiteTeam "Woking Warriors"]
[Black "Walker, David J R"]
[BlackElo "1264"]
[BlackTeam "Harrow 3"]
[Result "1-0"]
[PlyCount "75"]

1. e4 c5 2. g3 d6 3. Bg2 Nf6 4. Nc3 e6 5. d4 cxd4 6. Qxd4 Nc6 7. Qd1 Be7 8. Nf3 O-O 9. O-O Re8 10. b3 a6 11. Bb2 b5 12. a3 Qc7 13. Nd4 Bb7 14. Nce2 Rad8 15. Re1 e5 16. Nf5 Bc8 17. Nc3 Nd4 18. Nd5 Qxc2 19. Bxd4 Qxd1 20. Raxd1 Bxf5 21. Nxe7+ Rxe7 22. exf5 Red7 23. Bb6 Rc8 24. f4 exf4 25. gxf4 Rc3 26. a4 Rxb3 27. Bc5 bxa4 28. Bxd6 a3 29. Bxa3 h6 30. Be7 Rc7 31. Rd6 Rc2 32. Be4 Ra2 33. Bxf6 gxf6 34. Bd5 Rd3 35. Bxf7+ Kxf7 36. Rxd3 h5 37. Rd7+ Kg8 38. Re8# 1-0

[Event "4NCL Online Division 4"]
[Site "online"]
[Date "2021.04.06"]
[EventDate "2021.04.06"]
[Round "6.131"]
[White "Morrell, Sean"]
[WhiteElo "1751"]
[WhiteTeam "Watford Juniors A"]
[Black "Chilton, James I"]
[BlackElo "1858"]
[BlackTeam "Wessex Some Stars D"]
[Result "1-0"]
[PlyCount "63"]

1. e4 c5 2. Nc3 Nc6 3. g3 Nf6 4. Bg2 d6 5. Nge2 g6 6. O-O Bg7 7. d3 O-O 8. Bg5 Bg4 9. h3 Bd7 10. f4 Qc8 11. Kh2 h6 12. Bh4 Nh7 13. g4 Nd4 14. Bxe7 Nxe2 15. Qxe2 Re8 16. Bxd6 f5 17. gxf5 Bxf5 18. e5 Bf8 19. Bd5+ Be6 20. Qg2 Bxd6 21. Bxb7 Qb8 22. Bxa8 Bxe5 23. fxe5 Qxe5+ 24. Kh1 Ng5 25. Bd5 Kg7 26. Bxe6 Nxe6 27. Rae1 Qh5 28. Rxe6 Rxe6 29. Qb7+ Kg8 30. Qf7+ Kh8 31. Qf8+ Kh7 32. Rf7# 1-0

[Event "4NCL Online Division 4"]
[Site "online"]
[Date "2021.04.06"]
[EventDate "2021.04.06"]
[Round "6.132"]
[White "Du Toit, Reenen J"]
[WhiteElo "1905"]
[WhiteTeam "Wessex Some Stars D"]
[Black "Dasgupta, Avyukt"]
[BlackElo "1664"]
[BlackTeam "Watford Juniors A"]
[Result "0-1"]
[PlyCount "56"]

1. c4 Nf6 2. Nc3 e5 3. g3 Bc5 4. h3 d6 5. Bg2 Nc6 6. d3 Be6 7. e4 Nd4 8. Nge2 a6 9. O-O O-O 10. Kh2 Nd7 11. Nxd4 Bxd4 12. Ne2 Ba7 13. f4 f6 14. f5 Bf7 15. g4 g6 16. Bh6 Re8 17. h4 g5 18. hxg5 Be3 19. Rf3 Bxg5 20. Rh3 Qe7 21. Kg3 Bxh6 22. Rxh6 Qf8 23. Qh1 Qg7 24. Qh4 Kh8 25. Rh1 Bg8 26. Rg6 Qe7 27. Qh6 Rf8 28. Rg7 Qxg7 0-1

[Event "4NCL Online Division 4"]
[Site "online"]
[Date "2021.04.06"]
[EventDate "2021.04.06"]
[Round "6.133"]
[White "Hussain, Hamza"]
[WhiteElo "1600"]
[WhiteTeam "Watford Juniors A"]
[Black "Ursell, Adam R"]
[BlackElo "1795"]
[BlackTeam "Wessex Some Stars D"]
[Result "0-1"]
[PlyCount "64"]

1. e4 c6 2. d4 d5 3. e5 Bf5 4. h4 h5 5. Bd3 Bxd3 6. Qxd3 e6 7. Nf3 c5 8. Qb5+ Qd7 9. Nc3 cxd4 10. Nxd4 a6 11. Qd3 Nc6 12. Nxc6 bxc6 13. Be3 c5 14. Bg5 Ne7 15. Bxe7 Bxe7 16. O-O-O Qc7 17. Qg3 g6 18. Ne2 Qa5 19. a3 Rb8 20. Rd3 c4 21. Rf3 Qb6 22. b4 a5 23. c3 axb4 24. cxb4 d4 25. Qf4 d3 26. Nd4 O-O 27. Rg3 Qa7 28. Nc6 Qxa3+ 29. Kd2 Qb2+ 30. Ke3 Qe2+ 31. Kd4 Rfd8+ 32. Kxc4 Qc2# 0-1

[Event "4NCL Online Division 4"]
[Site "online"]
[Date "2021.04.06"]
[EventDate "2021.04.06"]
[Round "6.134"]
[White "Moore, Gillian A"]
[WhiteElo "1779"]
[WhiteTeam "Wessex Some Stars D"]
[Black "Demjan, Denisz"]
[BlackElo "1286"]
[BlackTeam "Watford Juniors A"]
[Result "1-0"]
[PlyCount "143"]

1. d4 d5 2. Nc3 Nf6 3. Bf4 a6 4. e3 e6 5. Bd3 Nc6 6. a3 h6 7. h4 Bd6 8. Bxd6 Qxd6 9. f4 h5 10. Nf3 Ng4 11. Qe2 Ne7 12. Ne5 Nf6 13. O-O-O Nc6 14. Rhe1 Nd7 15. Qf2 Ndxe5 16. fxe5 Qe7 17. Rf1 Rf8 18. e4 dxe4 19. Nxe4 Bd7 20. c3 O-O-O 21. g3 Kb8 22. Be2 g6 23. Nf6 Be8 24. Bf3 Na7 25. Qc2 Bc6 26. Be2 Nc8 27. Qb3 Ka7 28. Bd3 Nb6 29. Rd2 Nd5 30. Ne4 Qe8 31. Nc5 Nb6 32. Rdf2 Na4 33. Ne4 Bd5 34. Qc2 Bxe4 35. Bxe4 Qd7 36. Bxg6 fxg6 37. Rxf8 Rxf8 38. Rxf8 Qg7 39. Rf6 Nb6 40. Qxg6 Qd7 41. Qxh5 Nd5 42. Rf1 Qc6 43. Qf3 Qb5 44. Rd1 Qc4 45. Kb1 Nb6 46. Qd3 Qd5 47. g4 Na4 48. c4 Qg2 49. Qc2 Qxg4 50. Qxa4 Qxh4 51. Qc2 Qg5 52. Ka2 Qh5 53. Qa4 Kb6 54. Rd3 Qe2 55. Rb3+ Ka7 56. Qd7 Qxc4 57. Qe7 Qxd4 58. Qxc7 Qd5 59. Qb6+ Kb8 60. Qd6+ Qxd6 61. exd6 Kc8 62. Rd3 e5 63. Kb3 Kd7 64. Kc3 e4 65. Rd4 e3 66. Kd3 e2 67. Kxe2 b5 68. Ke3 a5 69. Ke4 b4 70. axb4 axb4 71. Kd5 b3 72. Rb4 1-0

[Event "4NCL Online Division 4"]
[Site "online"]
[Date "2021.04.06"]
[EventDate "2021.04.06"]
[Round "6.141"]
[White "Morley, Andrew J"]
[WhiteElo "1974"]
[WhiteTeam "Wigston 2"]
[Black "Richardson, Kevin D"]
[BlackElo "2154"]
[BlackTeam "Farnham A"]
[Result "1/2-1/2"]
[PlyCount "85"]

1. e4 c5 2. Nf3 Nc6 3. d4 cxd4 4. Nxd4 g6 5. c4 Bg7 6. Be3 Nf6 7. Nc3 O-O 8. Be2 d6 9. O-O Bd7 10. Qd2 a5 11. f3 Nxd4 12. Bxd4 Bc6 13. Rfd1 Nd7 14. Be3 a4 15. Rab1 Nc5 16. Nd5 Re8 17. Kh1 Qa5 18. Qc2 Bxd5 19. Rxd5 Rec8 20. f4 a3 21. Bxc5 dxc5 22. b4 Qc7 23. e5 cxb4 24. Rxb4 e6 25. Rd1 Bf8 26. Rbb1 Ra5 27. Qb3 Rb8 28. Qb6 Qxb6 29. Rxb6 Bc5 30. Rb3 Kf8 31. Bf3 b6 32. g3 Ra7 33. Bc6 Rc7 34. Bb5 Ke7 35. Rbd3 h5 36. Kg2 Rcc8 37. Rd7+ Kf8 38. Kf3 Kg7 39. h3 Ra8 40. R1d3 Rab8 41. Rd1 Ra8 42. R1d3 Rab8 43. Rd1 1/2-1/2

[Event "4NCL Online Division 4"]
[Site "online"]
[Date "2021.04.06"]
[EventDate "2021.04.06"]
[Round "6.142"]
[White "Warren, Alex M"]
[WhiteElo "2000"]
[WhiteTeam "Farnham A"]
[Black "Kruitbosch, Gijs"]
[BlackElo "1803"]
[BlackTeam "Wigston 2"]
[Result "1-0"]
[PlyCount "155"]

1. Nf3 Nf6 2. d4 g6 3. c4 Bg7 4. g3 O-O 5. Bg2 d6 6. O-O Nbd7 7. Nc3 c5 8. d5 a6 9. Nd2 Rb8 10. a4 Ne8 11. Qc2 Nc7 12. a5 b5 13. axb6 Nxb6 14. b3 e6 15. dxe6 Nxe6 16. Bb2 Nd4 17. Qd1 Re8 18. e3 Ne6 19. Qc2 Qc7 20. Rfd1 f5 21. Nd5 Nxd5 22. cxd5 Bxb2 23. Qxb2 Qg7 24. Qc2 Nc7 25. Nc4 Nb5 26. Ra5 Qc3 27. Qa2 Rd8 28. Rb1 Nc7 29. Ra3 Nb5 30. Ra5 Nc7 31. Qb2 Qxb2 32. Rxb2 Bb7 33. Rd2 Nb5 34. Ra1 Kg7 35. h4 h6 36. Na5 Nc7 37. e4 fxe4 38. Bxe4 Re8 39. f3 Re5 40. Rad1 Ree8 41. h5 g5 42. Nc4 Rbd8 43. Kf2 Nb5 44. Na5 Ba8 45. Rd3 Rf8 46. Kg2 Rde8 47. Re1 Nd4 48. Rde3 Nb5 49. Nc4 Rf6 50. Nb6 Bb7 51. Bg6 Rxe3 52. Rxe3 Kg8 53. Re7 Nd4 54. Rxb7 Rxf3 55. Nc8 Rxb3 56. Rxb3 Nxb3 57. Nxd6 a5 58. Nc4 Kf8 59. d6 a4 60. Bc2 Ke8 61. Bxb3 axb3 62. Kf3 Kd7 63. Ke4 b2 64. Nxb2 Kxd6 65. Nc4+ Ke6 66. g4 Kf6 67. Kd5 Ke7 68. Kxc5 Ke6 69. Kd4 Kf6 70. Kd5 Ke7 71. Ke5 Kf7 72. Kf5 Kg7 73. Ke6 Kh7 74. Kf6 Kh8 75. Kg6 Kg8 76. Kxh6 Kh8 77. Kxg5 Kg7 78. Ne5 1-0

[Event "4NCL Online Division 4"]
[Site "online"]
[Date "2021.04.06"]
[EventDate "2021.04.06"]
[Round "6.143"]
[White "Corlett, Les"]
[WhiteElo "1675"]
[WhiteTeam "Wigston 2"]
[Black "Abhishek, Pradhan"]
[BlackElo "1860"]
[BlackTeam "Farnham A"]
[Result "0-1"]
[PlyCount "80"]

1. e4 e6 2. f4 c5 3. Nf3 d5 4. e5 d4 5. d3 Nc6 6. b3 Nh6 7. h3 Be7 8. g3 b6 9. Bd2 Bb7 10. Qe2 Nf5 11. Rg1 a5 12. Na3 a4 13. Nc4 axb3 14. cxb3 b5 15. Nb2 Na5 16. Kf2 Nxb3 17. Rb1 Nxd2 18. Nxd2 Bh4 19. Ne4 Be7 20. Bg2 Bd5 21. Nf6+ gxf6 22. Bxd5 Qxd5 23. Nd1 Rxa2 24. Rb2 Rxb2 25. Qxb2 b4 26. g4 Nh4 27. Qe2 fxe5 28. fxe5 Ng6 29. Kf1 Qxe5 30. Qc2 Qf4+ 31. Nf2 Bh4 32. Qa4+ Kf8 33. Qa8+ Kg7 34. Qg2 Qxf2+ 35. Qxf2 Bxf2 36. Kxf2 Rb8 37. Rb1 Nf4 38. Rb3 Nxh3+ 39. Kg3 Ng5 40. Kf4 f6 0-1

[Event "4NCL Online Division 4"]
[Site "online"]
[Date "2021.04.06"]
[EventDate "2021.04.06"]
[Round "6.144"]
[White "Cooper, Malcolm H"]
[WhiteElo "1808"]
[WhiteTeam "Farnham A"]
[Black "Mottram, Paul"]
[BlackElo "1480"]
[BlackTeam "Wigston 2"]
[Result "0-1"]
[PlyCount "94"]

1. d4 d5 2. c4 c6 3. cxd5 cxd5 4. Bf4 Nc6 5. e3 Nf6 6. Nc3 a6 7. Bd3 Bg4 8. Qb3 Na5 9. Qa4+ b5 10. Qc2 Rc8 11. Qd2 Nc4 12. Bxc4 bxc4 13. Qc2 Qa5 14. Ne2 e6 15. O-O Be7 16. Ng3 Nh5 17. f3 Nxg3 18. Bxg3 Bh5 19. e4 Bg6 20. Qe2 Bb4 21. Rfc1 Bxc3 22. bxc3 O-O 23. Bd6 Rfe8 24. Rab1 Qd8 25. Bc5 Rb8 26. Rb4 Rxb4 27. Bxb4 a5 28. Bc5 Qb8 29. Qc2 Qf4 30. Re1 Rb8 31. Ba3 Qc7 32. Rb1 Rb6 33. Bc5 Rb7 34. Ba3 Qb8 35. Rxb7 Qxb7 36. Kf2 h6 37. Ke3 Qc7 38. g3 h5 39. Qb2 Qd8 40. e5 Bd3 41. Bd6 f6 42. Qb7 fxe5 43. Bxe5 Qg5+ 44. f4 Qg6 45. Kd2 Qg4 46. Qb1 Qe2+ 47. Kc1 Bxb1 0-1

[Event "4NCL Online Division 4"]
[Site "online"]
[Date "2021.04.06"]
[EventDate "2021.04.06"]
[Round "6.151"]
[White "Jaunooby, Ali R"]
[WhiteElo "2244"]
[WhiteTeam "Manchester Manticores 1"]
[Black "Bell, Alan D"]
[BlackElo "1982"]
[BlackTeam "Grangemouth Gambiteers"]
[Result "0-1"]
[PlyCount "116"]

1. d4 e6 2. Nf3 Nf6 3. Bf4 d5 4. e3 Bd6 5. Bg3 c5 6. c3 O-O 7. Nbd2 Qc7 8. Ne5 Nbd7 9. f4 Ne4 10. Bd3 f5 11. Ndf3 Ndf6 12. Bh4 c4 13. Bc2 b5 14. a3 a5 15. O-O Rb8 16. Be1 b4 17. axb4 axb4 18. Ba4 b3 19. Bh4 Ra8 20. h3 Bb7 21. g4 g6 22. g5 Nh5 23. Bd7 Ng7 24. Ba4 Ra6 25. Bb5 Rxa1 26. Qxa1 Ra8 27. Qb1 Bxe5 28. dxe5 Ra5 29. Nd4 Nd2 30. Qc1 Nxf1 31. Kxf1 Qb6 32. Bd7 Qa6 33. Be1 Bc8 34. Bc6 Rc5 35. Ke2 Rxc6 36. Nxc6 Qxc6 37. Qa1 Qa6 38. Qxa6 Bxa6 39. Kd2 Kf7 40. Bf2 Ke7 41. Bg1 Kd7 42. Bf2 Kc6 43. Bg1 Ne8 44. Bf2 Nc7 45. Bg1 Bb7 46. Bf2 Na6 47. e4 dxe4 48. Bd4 Nc7 49. Bf2 Nd5 50. Be3 Nxe3 51. Kxe3 Kc5 52. Kd2 e3+ 53. Kxe3 Bg2 54. h4 Kd5 55. Kf2 Ke4 56. Kg3 Bf3 57. h5 Bxh5 58. Kh4 Kxf4 0-1